Resultados del proyecto INAP : (Registro nro. 8704)

Detalles MARC
000 -CABECERA
Campo de control 00799nam a22002057a 4500
005 - FECHA Y HORA DE LA ULTIMA TRANSACCION
Campo de control 20200104041628.0
008 - ELEMENTOS DE LONGITUD FIJA—INFORMACION GENERAL
Campo de control 140915b2011 ck ||||| ||||o00| 0 spa d
020 ## - ISBN
ISBN 9789589973172
041 ## - IDIOMA
Código de idioma para texto/pista de sonido o título separado Español
044 ## - PAÍS DE PUBLICACIÓN
País de publicación Colombia
082 04 - NUMERO DE CLASIFICACION DECIMAL DEWEY
Número de clasificación 551.6
Número del ítem I35r
245 00 - MENCION DE TITULO
Título Resultados del proyecto INAP :
Parte restante del título (donación TF 056350), Informe final
260 ## - PUBLICACION, DISTRIBUCION, ETC. (PIE DE IMPRENTA)
Lugar de publicación, distribución, etc. Bogotá
Nombre del editor, distribuidor, etc. The World Bank
-- GEF
-- Instituto Nacional de Salud
-- IDEAM
-- Consevación Internacional
-- Invemar
-- Coralina
Fecha de publicación, distribución, etc. 2011
300 ## - DESCRIPCION FISICA
Extensión 121 p.
Otros detalles físicos fot. (col), tablas
Dimensiones 28 cm.
Material acompañante 1 CD-Rom CID-034486
500 ## - NOTA GENERAL
Nota general Informe final del proyecto INAP TF 056350 (agosto de 2011)
504 ## - NOTA DE BIBLIOGRAFIA, ETC.
Nota de bibliografía Incluye referencias bibliográficas (pag. 119-121)
650 ## - ASIENTO SECUNDARIO DE MATERIA - TERMINO TEMATICO
Término temático o nombre geográfico como elemento de entrada Cambios climáticos
Subdivisión general proyectos
650 ## - ASIENTO SECUNDARIO DE MATERIA - TERMINO TEMATICO
Término temático o nombre geográfico como elemento de entrada Protección del Medio Ambiente
942 ## - ELEMENTOS ADICIONALES (KOHA)
Sistema de clasificación Dewey Decimal Classification
Tipo de ítem Libro
Existencias
Withdrawn status Lost status Sistema de Clasificación Damaged status No para préstamo Colección Ubicación Permanente Ubicación actual Fecha de adquisición Total Checkouts Número topográfico Inventario / Código de Barras Date last seen Ejemplar Price effective from Forma de adquisición Tipo de material Public note Inventariado Fuente de Valor Valor
    Dewey Decimal Classification     General Bogotá Bogotá 15/09/2014   LB-551.6 I35r 034485 15/09/2014 Ej. 1 15/09/2014   Libro CD-Rom anexo CID-034486      
    Dewey Decimal Classification     General Sala Fabio Quevedo Sala Fabio Quevedo 15/09/2014   LB-551.6 I35r 034354 15/09/2014 Ej. 2 15/09/2014   Libro CD-Rom anexo CID-034355 Inventariado 2017 Instituto 39000.00